000 00397nam a2200145 i 4500
001 bg
100 1 _aPOPKO, Henryk
245 0 _aNowa uniwersalna metoda doboru i oceny efektywności wykorzystania maszyn i aparatów /
_cH. Popko, R. Popko.
260 _aLublin,
_c1984.
700 1 _aPOPKO, Rimma
040 _cBPK
041 _apol
942 _cKS
008 s pl f |000 0 pol
999 _c23318
_d23318
856 _uhttp://koha.tu.koszalin.pl/cgi-bin/koha/opac-detail.pl?biblionumber=23318
_yKatalog online BPK